000 00776nam a22001937a 4500
003 OSt
005 20240905101734.0
008 240905b ||||| |||| 00| 0 eng d
040 _cAIMIT LIBRARY
100 _aFernandes, Preethika Victor.
_e2216145
_9178756
245 _aStudy on examining the key determinants of recruitment towards retention in the pharmaceutical industry: a comprensive study /
_cBy Preethika Victor Fernandes ; Guided by P V Sumitha.
260 _aMumbai ;
_c2024.
650 _aIndustry profile company profile and theoretical background of the study
_9178757
650 _aResearch methodology
_9178758
650 _aData analysis and interpretation
_9178759
700 _aSumitha P V.
_eGuide
_9178760
856 _3Lupin limited
942 _2ddc
_cPRO
999 _c231744
_d231744